00295 a2200133 4500003000500000005001700005040000900022082001500031100001900046245004600065260002600111300001100137650001300148Nust20230316142019.0 cNust a355.02,FAR aFareed, Ghulam aMy Dear Pak Fauj / cLt Col Ghulam Fareed aRawalpindibGHQ Press a136 :p aPak Army